000 00260 a2200109 4500
001 61992
090 _c37160
_d37160
100 _aPAF
245 _aPrecis of PAF Law (GD(P) And Non GD Courses)
260 _aPAF Press Masroor
_bPAF Press Masroor
_c2008
300 _aii56p.
942 _aCAENUST
999 _c297065
_d297065